| 000 | 01233 a2200253 4500 | ||
|---|---|---|---|
| 005 | 20080819160722.0 | ||
| 008 | 080819t xxu||||| |||| 00| 0 hin d | ||
| 010 | _aHIN-83984 | ||
| 020 | _c100.00 | ||
| 035 | _aHN-56330 | ||
| 037 | _aDBAD / PUB | ||
| 040 |
_aDPL _bHN |
||
| 082 | _a342.54 | ||
| 100 | _aपालीवाल, जितेन्द्र | ||
| 245 |
_aहमारा संविधान / _cजितेन्द्र पालीवाल |
||
| 246 |
_aHamaaraa samvidhaana _bby Jitendra Paliwal |
||
| 260 |
_aजयपुर _bगोवर्धन पब्लिकेशन्स _c2006 |
||
| 270 |
_aप्लाट नं.1, चन्द्रकला कालोनी, पानी की टंकी के पीछे, दुर्गापुरा _bजयपुर |
||
| 300 |
_a80पृ _c22 सेमी (अजिल्द) |
||
| 650 |
_aसंविधान _zभारत |
||
| 650 |
_aConstitution _zIndia |
||
| 942 |
_adpl _cHN _2ddc _h342.54 _mपालीवा |
||
| 999 |
_c14924 _d14924 |
||